| 000 | 00435nam a2200145 a 4500 | ||
|---|---|---|---|
| 005 | 20140412111422.0 | ||
| 008 | 080121s19uu xx 00 eng d | ||
| 050 |
_aTR(GS 428.4 _bL14 2008 |
||
| 100 | _aLagera, Remy D. | ||
| 245 |
_aA Compilation of Reading Strategies / _cRemy D. Lagera. |
||
| 260 |
_c2008. _aLas pinas city : _bSouthville International School and Colleges, |
||
| 300 | _a74p. | ||
| 650 | _aReading | ||
| 999 |
_c106071 _d106071 |
||